00629nam a2200193Ii 450000100060000000300090000600800410001502000130005604000330006904100080010208200130011011001010012324500280022426400900025230000120034233600260035433700280038033800270040815764CO-ViMGA241108s9999||||xx |||||||||||||| ||und|| a1794810X aCO-ViMGAbspaerdacCO-ViMGA0 aspa04a172 F67e1 aForo Ética de lo Cotidiano y Relativismo Moral, Dilema de la Sociedad actual (2004 : Bogotá)10aÉtica de lo cotidiano 1aBogotá, Colombia : Fundación Gilberto Alzate Avendaño : Alcaldía Mayor., 2004 avolumen atextbtxt2rdacontent aunmediatedbn2rdamedia avolumebnc2rdacarrier